Wszystkie gry na konsolę Virtual Boy - Statystyki

Ogólne statystyki
  • Ten quiz został rozwiązany 8 razy
  • Średni wynik to 3 z 22
Statystyki odpowiedzi
Region Tytuł Gry % Poprawnych
NTSC Mario's Tennis
100%
NTSC Mario Clash
40%
NTSC-J Space Invarders: Virtual Collection
40%
NTSC Virtual Boy Wario Land
40%
NTSC Waterworld
40%
NTSC 3-D Tetris
20%
NTSC Jack Bros.
20%
NTSC-J V-Tetris
20%
NTSC Galactic Pinball
0%
NTSC Golf
0%
NTSC-J Insmouse no Yakata
0%
NTSC Nester's Funky Bowling
0%
NTSC Panic Bomber
0%
NTSC Red Alarm
0%
NTSC-J SD Gundam Dimension War
0%
NTSC-J Space Squash
0%
NTSC Teleroboxer
0%
NTSC Vertical Force
0%
NTSC-J Virtual Bowling
0%
NTSC-J Virtual Fishing
0%
NTSC-J Virtual Lab
0%
NTSC Virtual League Baseball
0%
Nie znaleziono quizów pasujących do podanych kryteriów
Rozkład punktacji
Procent ludzi z każdym wynikiem
Percentyl według liczby udzielonych odpowiedzi
Twoja historia wyników
Nie rozwiązałeś tego quizu